000 01059nam a22002657a 4500
005 20170123164140.0
010 _aB-079833
020 _c300.00
_a8171163629
035 _aB-079833
037 _bCen Lib / Ret
040 _aDPL
_bPN
082 _a851 ਓ
_bਜੋਗਾਸਿੰ
100 _aਜੋਗਾ ਸਿੰਘ
_9125575
245 _aਖ਼ੁਦਾ ਹਾਫਿਜ਼ /
_cਜੋਗਾ ਸਿੰਘ
246 _aKhuda hafiz
_bby Joga singh
260 _a ਦਿੱਲੀ
_bਨੈਸ਼ਨਲ ਬੁਕ ਸ਼ਾਪ
270 _aਨੈਸ਼ਨਲ ਬੁਕ ਸ਼ਾਪ ਚਾਂਦਨੀ ਚੌਕ
_bਦਿੱਲੀ
_e10006
300 _a302p.
_c22cm(Hb)
650 _a ਸਾਹਿਤ --ਪੰਜਾਬੀ
_9125576
650 _a ਪੰਜਾਬੀ--- ਕਵਿਤਾਵਾਂ
_9125577
650 _a Literature--Punjabi
_9125578
650 _aPunjabi-- Poetry
_9125579
700 _aਸੰਪਾਦਕ ਗੁਰਬਚਨ ਸਿੰੰਘ ਭੁੱਲਰ
_91256
942 _2ddc
_cPN
_h851
_mਜੋਗਾਸਿੰ
999 _c109620
_d109620